000 00349 a2200157 4500
001 169174
020 _a
040 _cMagnum
100 _aLuzuriaga, Lorenzo
240 1 0 _aHistoria da educacao e da pedagogia
_lpor
245 1 0 _aHistoria da educacao e da pedagogia
362 0 _a1899
440 1 _aNacional
697 _aENSINO
942 _cBK
999 _c169174
_d169174